00486nam a2200169 a 450000500170000001000170001702000260003403500170006003700080007708200100008510000190009524500440011426000420015827000670020030000290026750000200029620110107143720.0 aB-419055-076 a9788131726020c499.00 aB-419055-076 bUBH a519.5 aBajpai, Naval  aBusiness statistics /cby Naval Bajpai  aNew Delhi bPearson Educations c2010 a14, Local Shopping Centre, Panchsheel ParkbNew Delhi e110017 axxix, 794p.;c28cm(pbk)  aIncludes index